Le plan comptable aux examens commerciaux
Gorde:
| Egile nagusia: | |
|---|---|
| Formatua: | Liburua |
| Hizkuntza: | frantsesa |
| Argitaratua: |
París
Dunod
1968
|
| Edizioa: | 2a. ed |
| Gaiak: | |
| Etiketak: |
Etiketa erantsi
Etiketarik gabe, Izan zaitez lehena erregistro honi etiketa jartzen!
|
MARC
| LEADER | 00000nam a2200000 a 4500 | ||
|---|---|---|---|
| 001 | UCQ0254 | ||
| 003 | CL-VaPUC | ||
| 008 | 980627e19680000FR |||||||||||||||||fre|d | ||
| 082 | 0 | 4 | |a 658.151 |b SIM |2 21 |
| 100 | 0 | |a Simonet, E |e author |9 413392 | |
| 245 | 1 | 3 | |a Le plan comptable aux examens commerciaux |
| 250 | |a 2a. ed | ||
| 300 | |a 174 p | ||
| 942 | |c BK | ||
| 945 | |d 19980627 00:00:00 |a cmena | ||
| 260 | |a París |b Dunod |c 1968 | ||
| 650 | 0 | |a Administración financiera |9 261146 | |
| 650 | 0 | |a Contabilidad de costos |9 260564 | |
| 650 | 7 | |a PLANIFICACION Y CONTROL |2 CL-VaPUC |9 413393 | |
| 650 | 0 | |a Capital |9 263726 | |
| 650 | 0 | |a Control presupuestario |9 345693 | |
| 583 | |a last modification |c 19980627 00:00:00 |k Rodrigo Vera | ||
| 999 | |c 271393 |d 271391 | ||
| 952 | |0 0 |1 0 |4 0 |6 658_151000000000000_SIM_1968 |7 0 |8 P |9 306035 |a BIBGIM |b BIBGIM |d 2019-11-20 |i 1426605 |o 658.151 SIM 1968 |p 1426605 |r 2025-01-15 |w 2019-11-20 |y BK |k COM | ||